• 首页
  • 本馆介绍
  • 公告通知
  • 最新文献
  • 馆藏检索
  • 电子资源
  • 读者导购
  • 参考咨询
  • 我的图书馆
  • 登录
  • 详细信息显示
  • 放入我的书架
  • 预约/预借图书
  • 作者相关作品
  • 分类相关作品
  • 丛书相关作品
  • 出版社相关作品

书目信息

  • 表格格式
  • 工作单格式
  • 卡片格式
题名:
北史
    
 
作者: 李延寿 撰
分册: 第十册   传
出版信息: 北京   中华书局  1974
页数: 2319-2667页
开本: 20cm
丛书名:
单 册:
中图分类: K239.204.2 , K239
科图分类:
主题词: 北朝时代 , 古代史
电子资源:
ISBN:
000 00697nam0 2200265 450
001 1556337272
005 20150124154009.17
010    @dCNY1.03
091    @a11018.633@dCNY10.30(全十册)
100    @a20050521d1974 em y0chiy50 ea
101 1  @achi
102    @aCN@b110000
105    @ay z 000yy
200 1  @a北史@9bei shi@h第十册@h卷三六至卷四四@i传@f李延寿撰
210    @a北京@c中华书局@d1974
215    @a2319-2667页@d20cm
606 0  @a北朝时代
606 0  @a古代史
607    @a中国@x古代史@z北朝时代@j纪传体
607    @a中国
690    @aK239.204.2@v5
690    @aK239@v4
701  0 @a李延寿@9li yan shou@4撰
801  0 @aCN@bTSSF@c20150124
905    @aZUCC@dK239@eJY60:10
    
    北史.第十册.卷三六至卷四四.传/李延寿撰.-北京:中华书局,1974
    2319-2667页;20cm
    
    
    ISBN :CNY1.03
    
●
相关链接 在E读中查询图书 在五车中查询图书 在当当中查询图书 在豆瓣中查询图书


正题名:北史     索取号:K239/JY60:10         预约/预借

序号 登录号 条形码 馆藏地/架位号 状态 备注
1 7856713   278567132   学院路分馆/ [索取号:K239/JY60:10] 在馆    
2 7856714   278567141   学院路分馆/ [索取号:K239/JY60:10] 在馆    
唐山师范学院图书馆 欢迎您!
大连网信软件有限公司© 版权所有